AOC des VINS DE FRANCE / Quiz Hardcore +++ - Statistiques

Statistiques générales
  • Ce quiz a été pris 205 fois
    185 depuis la dernière actualisation
  • Le résultat moyen est 59 sur 312
Statistiques - réponses
Vignoble Sous-Région AOC ? % Correct
Bourgogne Chablisien Chablis ( + petit chablis )
74%
Champagne Champagne Champagne
63%
Alsace Alsace Alsace ( Cépages, Gentil, Edelswicker )
61%
Bordeaux Blayais Côtes-de-Bourg
58%
Bordeaux Libournais Saint-Émilion ( et Grand-cru )
55%
Beaujolais Beaujolais Beaujolais
53%
Alsace Alsace Crémant d'Alsace
49%
Bourgogne Bourgogne Bourgogne (Rouge et Blanc )
48%
Bordeaux Médoc Médoc
46%
Loire Anjou-Saumur Saumur (Cabernet de, Coteaux de )
45%
Bordeaux Graves Graves (et supérieur)
42%
Bourgogne Cote de nuits La Romanée ( Grand Cru )
42%
Bourgogne Mâconnais Mâcon ( villages, Supérieur)
42%
Bourgogne Côte de Beaune Beaune
41%
Bordeaux Bordeaux Bordeaux rosé
41%
Loire Anjou-Saumur Anjou (Gamay, Villages, Coteaux-de-la-loire)
40%
Bordeaux Médoc Haut-Médoc
40%
Alsace Alsace Alsace Grand Cru
39%
Bordeaux Bordeaux Bordeaux Clairet
39%
Vallée du Rhône Méridionale Châteauneuf-du-pape
39%
Bordeaux Bordeaux Bordeaux ( Rouge et Blanc )
38%
Bourgogne Cote de nuits Chambertin (Grand Cru)
38%
Vallée du Rhône Diois Clairette-de-die
38%
Vallée du Rhône Septentrional Côte-Rotie
38%
Bourgogne Côte de Beaune Montrachet (Grand Cru)
38%
Bourgogne Chablisien Chablis Grand cru
37%
Vallée du Rhône Septentrional Crozes-Hermitage
37%
Bordeaux Médoc Margaux
37%
Bourgogne Cote de nuits Nuits-Saint-Georges
37%
Bourgogne Mâconnais Pouilly-Fuissé
37%
Loire Centre Pouilly-Fumé
37%
Bourgogne Cote de nuits Romanée-conti ( Grand Cru )
37%
Loire Nantais Muscadet (Côtes de grand lieu, Coteaux de la Loire )
36%
Bourgogne Côte de Beaune Pommard
36%
Bourgogne Côte de Beaune Bâtard-montrachet (Grand Cru)
35%
Bordeaux Blayais / Bourgeais Blayais ( Côtes , Côtes-de-Bordeaux )
35%
Bourgogne Cote de nuits Gevrey-Chambertin
35%
Vallée du Rhône Septentrional Hermitage
35%
Bourgogne Côte de Beaune Meursault
35%
Bordeaux Médoc Saint-Estèphe
35%
Bordeaux Graves Sauternes
35%
Corse Corse Vin de Corse
35%
Bourgogne Côte de Beaune Corton (Grand Cru)
34%
Vallée du Rhône Septentrional Saint-Joseph
34%
Jura Jura Arbois
33%
Beaujolais Beaujolais Brouilly
33%
Languedoc-Roussillon Languedoc Languedoc
33%
Bordeaux Médoc Pauillac
33%
Loire Centre Sancerre
33%
Bourgogne Côte Chalonaise Mercurey
32%
Bordeaux Médoc Saint-Julien
32%
Provence Provence Bandol
31%
Vallée du Rhône Septentrional Condrieu
31%
Bourgogne Bourgogne Crémant de Bourgogne
31%
Languedoc-Roussillon Languedoc Pic-Saint-Loup
31%
Sud-ouest Piémont du Massif central Cahors
30%
Champagne Champagne Coteaux Champenois
30%
Bourgogne Chablisien Irancy
30%
Beaujolais Beaujolais Juliénas
30%
Loire Touraine Touraine
30%
Provence Provence Côtes-de-Provence
29%
Bordeaux Entre-Deux-Mers Entre-Deux-Mers
29%
Vallée du Rhône Méridionale Gigondas
29%
Bordeaux Graves Pessac-Léognan
29%
Bordeaux Libournais Pomerol
29%
Beaujolais Beaujolais Saint Amour
29%
Bourgogne Cote de nuits Chambolle-Musigny
28%
Loire Touraine Chinon
28%
Bourgogne Côte de Beaune Corton-Charlemagne (Grand Cru)
28%
Bourgogne Côte de Beaune Côte-de-Beaune (et Villages)
28%
Vallée du Rhône Méridionale Côtes du Rhône ( et Villages)
28%
Loire Loire Crémant-de-Loire
28%
Beaujolais Beaujolais Morgon
28%
Loire Anjou-Saumur Saumur-Champigny
28%
Savoie / Bugey Savoie et Bugey Savoie
28%
Bourgogne Côte de Beaune Aloxe-Corton
27%
Beaujolais Beaujolais Moulin à Vent
27%
Bourgogne Cote de nuits Vougeot
27%
Bourgogne Cote de nuits Fixin
26%
Bourgogne Côte Chalonaise Givry
26%
Bourgogne Bourgogne Aligoté
25%
Bourgogne Cote de nuits Clos de Vougeot ( Grand Cru )
25%
Vallée du Rhône Septentrional Cornas
25%
Loire Anjou-Saumur Coteaux-du-Layon
25%
Beaujolais Beaujolais Fleurie
25%
Sud-ouest Piémont des Pyrénées Jurançon
25%
Bourgogne Cote de nuits La tâche ( Grand Cru )
25%
Bordeaux Libournais Montagne-Saint-Émilion
25%
Vallée du Rhône Méridionale Vacqueyras
25%
Jura Jura Château-Chalon
24%
Sud-ouest Piémont des Pyrénées Madiran
24%
Bourgogne Cote de nuits Marsannay la cote
24%
Vallée du Rhône Méridionale Tavel
24%
Loire Touraine Vouvray
24%
Beaujolais Beaujolais Beaujolais Villages
23%
Provence Provence Cassis
23%
Bourgogne Côte de Beaune Chassagne-montrachet
23%
Sud-ouest Bergeracois et Duras ( Côtes-de-) Bergerac
23%
Bourgogne Cote de nuits Morey-Saint-Denis
23%
Bourgogne Côte Chalonaise Rully
23%
Bourgogne Côte de Beaune Saint Aubin
23%
Bourgogne Mâconnais Saint-Véran
23%
Bourgogne Côte de Beaune Santenay
23%
Corse Corse Ajaccio
22%
Languedoc-Roussillon Roussillon Banyuls ( + Grand Cru)
22%
Bordeaux Bordeaux Bordeaux supérieur
22%
Loire Touraine Bourgueil
22%
Savoie / Bugey Savoie et Bugey Bugey
22%
Beaujolais Beaujolais Chénas
22%
Lorraine Lorraine Côtes de Toul
22%
Bourgogne Bourgogne Hautes-côtes-de-Beaune
22%
Bourgogne Bourgogne Hautes-côtes-de-nuits
22%
Bourgogne Côte de Beaune Bienvenues-bâtard-montrachet (Grand Cru)
21%
Vallée du Rhône Septentrional Château-grillet
21%
Beaujolais Beaujolais Cote de Brouilly
21%
Bordeaux Libournais Lalande-de-Pommerol
21%
Vallée du Rhône Méridionale Lirac
21%
Corse Corse Patrimonio
21%
Bourgogne Côte de Beaune Puligny-Montrachet
21%
Champagne Champagne / Aube Rosé des Riceys
21%
Bourgogne Côte de Beaune Volnay
21%
Bordeaux Graves Barsac
20%
Bourgogne Côte de Beaune Chevalier-Montrachet (Grand Cru)
20%
Languedoc-Roussillon Languedoc Corbieres
20%
Bordeaux Libournais Lussac-Saint-Émilion
20%
Vallée du Rhône Méridionale Beaumes-de-venise
19%
Bordeaux Bordeaux Crémant-de-Bordeaux
19%
Bordeaux Graves Loupiac
19%
Lorraine Lorraine Moselle
19%
Bourgogne Côte de Beaune Saint Romain
19%
Bourgogne Côte de Beaune Savigny-lès-Beaune
19%
Loire Anjou-Saumur Cabernet d'Anjou
18%
Bourgogne Cote de nuits Chambertin-Clos-de-bèze (Grand Cru)
18%
Bourgogne Cote de nuits Charmes Chambertin ( Grand Cru )
18%
Jura Jura Côte du jura
18%
Jura Jura Crémant du jura
18%
Bourgogne Cote de nuits Échézeaux ( Grand Cru )
18%
Sud-ouest Piémont du Massif central Gaillac
18%
Jura Jura Macvin
18%
Bourgogne Côte Chalonaise Montagny
18%
Bourgogne Mâconnais Pouilly-Vinzelles
18%
Vallée du Rhône Méridionale Rasteau
18%
Bourgogne Chablisien Saint-Bris
18%
Loire Touraine Saint-Nicolas-de-Bourgueil
18%
Bordeaux Entre-Deux-Mers Cadillac
17%
Bordeaux Entre-Deux-Mers Cadillac ( Côte de Bordeaux )
17%
Beaujolais Beaujolais Chiroubles
17%
Vallée du Rhône Méridionale Costières de Nîmes
17%
Vallée du Rhône Méridionale (cotes du) Ventoux
17%
Bourgogne Cote de nuits Musigny ( Grand Cru )
17%
Provence Provence Palette
17%
Bourgogne Mâconnais Pouilly-Loché
17%
Bourgogne Cote de nuits Romanée-Saint-Vivant ( Grand Cru )
17%
Languedoc-Roussillon Languedoc Saint-Chinian
17%
Languedoc-Roussillon Languedoc Terrasses du Larzac
17%
Bourgogne Côte Chalonaise Bouzeron
16%
Lyonnais Lyonnais Coteaux-du-Lyonnais
16%
Bourgogne Côte de Beaune Criots-bâtard-montrachet (Grand Cru)
16%
Bordeaux Libournais Fronsac
16%
Bourgogne Cote de nuits La Grande-Rue ( Grand Cru )
16%
Bourgogne Cote de nuits Latricières-Chambertin (Grand Cru)
16%
Bourgogne Côte de Beaune Pernand-Vergeles
16%
Languedoc-Roussillon Roussillon Rivesaltes
16%
Loire Anjou-Saumur Savennières
16%
Vallée du Rhône Méridionale Cairanne
15%
Bourgogne Cote de nuits Chapelle-Chambertin (Grand Cru)
15%
Bourgogne Côte de Beaune Chorey-les-Beaunes
15%
Bourgogne Cote de nuits Clos-saint-Denis ( Grand Cru )
15%
Bordeaux Médoc Listrac-médoc
15%
Languedoc-Roussillon Roussillon Maury (+ Sec)
15%
Bourgogne Cote de nuits Mazoyères-Chambertin (Grand Cru)
15%
Loire Centre Menetou-Salon
15%
Languedoc-Roussillon Languedoc Minervois
15%
Loire Touraine Montlouis-sur-Loire
15%
Languedoc-Roussillon Roussillon Muscat-de-Rivesaltes
15%
Poitou-Charentes Poitou-Charentes Pineau-des-Charentes
15%
Bourgogne Cote de nuits Richebourg ( Grand Cru )
15%
Bordeaux Libournais Saint-Georges-Saint-Émilion
15%
Vallée du Rhône Septentrional Saint-péray
15%
Bourgogne Chablisien Vézelay
15%
Bourgogne Cote de nuits Clos-de-tart ( Grand Cru )
14%
Sud-ouest Bergeracois et Duras Côtes-de-Duras
14%
Vallée du Rhône Méridionale (cotes du) Luberon
14%
Sud-ouest Piémont des Pyrénées Irouléguy
14%
Bordeaux Médoc Moulis-en-Médoc
14%
Bourgogne Bourgogne Passe tout grain
14%
Beaujolais Beaujolais Régnié
14%
Bourgogne Mâconnais Viré-Cléssé
14%
Bourgogne Cote de nuits Clos-des-Lambrays ( Grand Cru )
13%
Languedoc-Roussillon Languedoc Fitou
13%
Languedoc-Roussillon Languedoc La Clape
13%
Bourgogne Côte de Beaune Ladoix
13%
Languedoc-Roussillon Languedoc Limoux
13%
Loire Centre Saint-Pourçain
13%
Loire Touraine Touraine-Amboise
13%
Bourgogne Cote de nuits Vosnes Romanée
13%
Bourgogne Côte de Beaune Auxey-duresses
12%
Vallée du Rhône Méridionale Clairette-de-Bellegarde
12%
Bourgogne Cote de nuits Clos-de-la-roche ( Grand Cru )
12%
Languedoc-Roussillon Roussillon Collioure
12%
Loire Anjou-Saumur Coteaux de l'Aubance
12%
Vallée du Rhône Diois Crémant de die
12%
Loire Nantais Fiefs Vendéens
12%
Bourgogne Cote de nuits Grand-Échézeaux ( Grand Cru )
12%
Bourgogne Cote de nuits Griottes-Chambertin (Grand Cru)
12%
Loire Nantais Gros-plant-du-pays-Nantais
12%
Languedoc-Roussillon Languedoc Muscat-de-Lunel
12%
Bourgogne Cote de nuits Ruchottes-Chambertin (Grand Cru)
12%
Vallée du Rhône Méridionale Vinsobres
12%
Languedoc-Roussillon Languedoc Blanquette méthode ancestrale
11%
Loire Touraine Cheverny
11%
Bourgogne Cote de nuits Cote-de-nuits-villages
11%
Loire Centre Côte-Roannaise
11%
Jura Jura Étoiles
11%
Languedoc-Roussillon Languedoc Faugères
11%
Sud-ouest Moyenne Garonne Fronton
11%
Languedoc-Roussillon Languedoc Muscat-de-Frontignan
11%
Sud-ouest Bergeracois et Duras Pécharmant
11%
Loire Anjou-Saumur (Savennières) Coulée-de-Serrant
11%
Provence Provence Bellet
10%
Bourgogne Côte Chalonaise Bourgogne-côte-chalonnaise
10%
Bordeaux Libournais Canon-Fronsac
10%
Bourgogne Bourgogne Coteaux Bourguignons ( Rouge et Blanc )
10%
Vallée du Rhône Diois Coteaux-de-die
10%
Languedoc-Roussillon Roussillon Côtes-du-Roussillon ( Villages)
10%
Vallée du Rhône Méridionale Duché d'Uzès
10%
Bourgogne Côte de Beaune Maranges
10%
Bourgogne Cote de nuits Mazis-Chambertin (Grand Cru)
10%
Sud-ouest Bergeracois et Duras Montbazillac
10%
Loire Nantais Muscadet Sèvre-et-Maine
10%
Corse Corse Muscat-du-cap-corse
10%
Bordeaux Libournais Puisseguin-Saint-Émilion
10%
Loire Anjou-Saumur Quarts-de-Chaume
10%
Loire Centre Quincy
10%
Champagne Champagne Ratafia de Champagne
10%
Loire Anjou-Saumur Rosé d'Anjou
10%
Bordeaux Entre-Deux-Mers Sainte-Croix-du-Mont
10%
Languedoc-Roussillon Languedoc Blanquette de limoux
9%
Bourgogne Cote de nuits Bonnes-Mares ( Grand Cru )
9%
Provence Provence Coteaux-Varois-en-Provence
9%
Loire Centre Côtes-d'Auvergne
9%
Bordeaux Entre-Deux-Mers Cotes-de-Bordeaux
9%
Sud-ouest Moyenne Garonne Côtes du Marmandais
9%
Bourgogne Côte de Beaune Monthélie
9%
Loire Centre Pouilly-sur-Loire
9%
Loire Touraine Touraine-Chenonceaux
9%
Loire Touraine Valençay
9%
Provence Provence Baux-de-Provence
8%
Loire Anjou-Saumur Bonnezeaux
8%
Sud-ouest Moyenne Garonne Buzet
8%
Bordeaux Libournais Castillon (Côtes de Bordeaux)
8%
Vallée du Rhône Diois Châtillon-en-diois
8%
Loire Touraine Coteaux-du-loir
8%
Vallée du Rhône Méridionale Côtes du Vivarais
8%
Vallée du Rhône Méridionale Crignan-les-Adhémar
8%
Loire Touraine Orléans
8%
Sud-ouest Piémont des Pyrénées Pacherenc-du-Vic-Bilh
8%
Loire Centre Reuilly
8%
Loire Loire Rosé-de-Loire
8%
Sud-ouest Piémont des Pyrénées Saint-Mont
8%
Bordeaux Graves Cérons
7%
Languedoc-Roussillon Languedoc Corbières-Boutenac
7%
Loire Nantais Coteaux-d'Ancenis
7%
Bordeaux Entre-Deux-Mers Graves-de-Vayres
7%
Loire Touraine Jasnières
7%
Loire Touraine Touraine-Azay-le-Rideau
7%
Loire Anjou-Saumur Anjou-villages-Brissac
6%
Sud-ouest Piémont des Pyrénées Béarn
6%
Loire Centre Châteaumeillant
6%
Loire Centre Coteaux-du-Giennois
6%
Bordeaux Entre-Deux-Mers Premières-cotes-de-Bordeaux
6%
Savoie / Bugey Savoie et Bugey Rousette de Savoie
6%
Sud-ouest Bergeracois et Duras Saussignac
6%
Loire Anjou-Saumur (Savennières) Roche-aux-Moines
6%
Loire Touraine Touraine-Noble-joué
6%
Sud-ouest Piémont des Pyrénées Tursan
6%
Sud-ouest Piémont du Massif central Côtes-de-Millau
5%
Loire Centre Côtes-du-Forez
5%
Languedoc-Roussillon Languedoc Malepère
5%
Sud-ouest Piémont du Massif central Marcillac
5%
Languedoc-Roussillon Languedoc Muscat-de-saint-jean-de-Minervois
5%
Loire Touraine Orléans Cléry
5%
Savoie / Bugey Savoie et Bugey Rousette de Bugey
5%
Loire Anjou-Saumur Chaume
4%
Vallée du Rhône Méridionale Coteaux du tricastin
4%
Bordeaux Entre-Deux-Mers ( Côte de Bordeaux) Saint-Macaire
4%
Sud-ouest Piémont des Pyrénées Floc-de-Gascogne
4%
Vallée du Rhône Méridionale Laudun
4%
Languedoc-Roussillon Languedoc Muscat-de-Mireval
4%
Vallée du Rhône Méridionale Pierrevert
4%
Sud-ouest Bergeracois et Duras Rosette
4%
Loire Touraine Touraine-Mesland
4%
Loire Touraine Touraine-Oisly
4%
Languedoc-Roussillon Languedoc Clairette du languedoc
3%
Sud-ouest Bergeracois et Duras ( Côtes-de- , Haut de ) Montravel
3%
Languedoc-Roussillon Languedoc Crémant de limoux
3%
Languedoc-Roussillon Languedoc Minervois-la-Livinière
3%
Languedoc-Roussillon Languedoc Picpoul-du-Pinet
3%
Bordeaux Entre-Deux-Mers Sainte-Foy-Bordeaux
3%
Sud-ouest Moyenne Garonne Brulhois
2%
Sud-ouest Piémont du Massif central Coteaux-du-Quercy
2%
Loire Touraine Cours-Cheverny
2%
Savoie / Bugey Savoie et Bugey Crépy
2%
Sud-ouest Piémont du Massif central Entraygues-le-fel
2%
Bordeaux Libournais Francs-côtes-de-Bordeaux
2%
Poitou-Charentes Poitou-Charentes Haut-Poitou
2%
Savoie / Bugey Savoie et Bugey Seyssel
2%
Sud-ouest Piémont du Massif central Vins-d'estaing
2%
Loire Touraine Coteaux-du-Vendômois
1%
Sud-ouest Moyenne Garonne Saint-Sardos
1%
Bordeaux Entre-Deux-Mers Entre-Deux-Mers Haut-Banauge
0%
Bordeaux Entre-Deux-Mers Haut-Banauge
0%
Aucun quiz correspondant
Distribution des résultats
% des personnes avec chaque résultat
Percentile par nombre de réponses
Votre historique - résultats
Vous n’avez pas pris ce quiz depuis la dernière actualisation